banner-ar

التيارات السياسية والاجتماعية بين المجددين والمحافظين دراسة تاريخية فى الشيخ محمد عبده / (Record no. 52402)

MARC details
000 -الفاتح
حقل البيانات ثابتة الطول 00742nam a2200181Ia 4500
008 - عناصر البيانات ثابتة الطول - معلومات عامة
حقل البيانات ثابتة الطول 140319s9999 xx 000 0 ara d
040 ## - مصدر الفهرسة
وكالة الفهرسة الأصلية GCL /
وكالة النسخ GCL
082 04 - رقم تصنيف ديوى العشرى
رقم التصنيف ق
رقم المادة 962
-- ز ت
100 1# - المدخل الرئيسى - إسم شخصى
الإسم الشخصى زكريا سليمان بيومى
245 10 - بيان العنوان
العنوان التيارات السياسية والاجتماعية بين المجددين والمحافظين دراسة تاريخية فى الشيخ محمد عبده /
بيان المسئوليه,etc زكريا سليمان بيومى
260 ## - PUBLICATION, DISTRIBUTION, ETC. (IMPRINT)
تاريخ النشر أو التوزيع 1983
300 ## - الوصف المادى
التعداد 137 ص
490 ## - بيان السلسلة
عنوان السلسلة مركز وثائق وتاريخ مصر المعاصر
رقم المجلد/ التعيين التسلسلي 0
650 04 - المدخل الاضافى بالموضوع-مصطلح موضوعى
مصطلح موضوعي مصر
650 04 - المدخل الاضافى بالموضوع-مصطلح موضوعى
مصطلح موضوعي المصلحون غير السلفيين
942 ## - عناصر المدخل الإضافي( كوها)
مصدر التصنيف او مخطط الترفيف Dewey Decimal Classification
Koha [default] item type كتاب
260 ## - PUBLICATION, DISTRIBUTION, ETC. (IMPRINT)
-- [S.N] :
-- الهيئة المصرية العامة للكتاب ،
Holdings
حالة التراجع حالة الفقد حالة تلف ليس للاعارة المكان المؤقت الموقع الحالى تاريخ الاكتساب اجمالي اﻻعارات رقم الطلب الباركود تاريخ اخر مشاهدة تاريخ تفعيل السعر نوع وعاء كوها
        مكتبة القاهرة الكبرى مكتبة القاهرة الكبرى 03/26/2014   ق\962\ز ت 125447 03/26/2014 03/26/2014 كتاب

Powered By

EGPV